Lamborghini Models by Picture - Statistics

General Stats
  • This quiz has been taken 92 times
  • The average score is 11 of 16
Answer Stats
Picture Answer % Correct
Urus
97%
Aventador
91%
Gallardo
88%
Countach
86%
Huracan
81%
Murcielago
81%
Diablo
80%
Miura
77%
Veneno
74%
Sian
65%
Sesto Elemento
64%
LM002
62%
Centenario
61%
Jalpa
46%
350 GT
39%
Espada
39%
No matching quizzes found
Score Distribution
Percent of People with Each Score
Percentile by Number Answered
Your Score History
You have not taken this quiz